[Event "Schwarzach op 34th"]
[Site "Schwarzach"]
[Date "2019.07.21"]
[Round "9"]
[White "Tonkov, Bojan"]
[Black "Schnepp, Gunnar"]
[Result "1-0"]
[WhiteElo "2248"]
[BlackElo "2292"]
[PlyCount "105"]
[EventDate "2019.07.13"]
[EventType "swiss"]
[EventRounds "9"]
[EventCountry "AUT"]
[SourceTitle "EXT 2020"]
[Source "ChessBase"]
[SourceDate "2019.10.17"]
[SourceVersion "1"]
[SourceVersionDate "2019.10.17"]
[SourceQuality "1"]

1. e4 c5 2. d4 cxd4 3. Nf3 d6 4. c3 dxc3 5. Nxc3 Nc6 6. Bc4 a6 7. 0-0 Nf6 8. Bf4 Bg4 9. h3 Bxf3 10. Qxf3 e6 11. Rfd1 Qb8 12. Rac1 Be7 13. Na4 b5 14. e5 Nxe5 15. Bxe5 0-0 16. Bxf6 Bxf6 17. Bd5 exd5 18. Nc3 d4 19. Nd5 Be5 20. Qb3 g6 21. Rc6 Ra7 22. Rdc1 a5 23. a3 Rb7 24. Qd3 a4 25. R1c2 f5 26. f4 Bg7 27. Qf3 Qe8 28. Re2 Qf7 29. Kh2 Re8 30. Rcc2 Rxe2 31. Rxe2 Rd7 32. g4 fxg4 33. hxg4 g5 34. f5 Be5+ 35. Kg2 Kg7 36. Rc2 h5 37. gxh5 Kh6 38. Rc1 g4 39. Qe4 Qxh5 40. f6 Kg5 41. Rh1 Qg6 42. Qe2 Qf7 43. Qd2+ Kf5 44. Qd3+ Kg5 45. Qd2+ Kf5 46. Qc2+ Kg5 47. Qc6 d3 48. Qc1+ Kf5 49. Ne3+ Kg6 50. Qd1 Qe6 51. Qxd3+ Kg5 52. Nd5 Bf4 53. Rh5+ 1-0

[Event "Schwarzach op 34th"]
[Site "Schwarzach"]
[Date "2019.07.17"]
[Round "5"]
[White "Tonkov, Bojan"]
[Black "Danner, Georg"]
[Result "1/2-1/2"]
[WhiteElo "2248"]
[BlackElo "2327"]
[PlyCount "49"]
[EventDate "2019.07.13"]
[EventType "swiss"]
[EventRounds "9"]
[EventCountry "AUT"]
[SourceTitle "EXT 2020"]
[Source "ChessBase"]
[SourceDate "2019.10.17"]
[SourceVersion "1"]
[SourceVersionDate "2019.10.17"]
[SourceQuality "1"]

1. e4 c5 2. d4 cxd4 3. Nf3 d6 4. c3 d3 5. Bxd3 Bg4 6. 0-0 Nc6 7. Qb3 Qc7 8. Be3 Bxf3 9. gxf3 Nf6 10. c4 e6 11. Nc3 Be7 12. Rac1 0-0 13. Rfd1 Rac8 14. Be2 Qb8 15. f4 Rfe8 16. Qa4 a6 17. b4 Qa8 18. Qb3 Bf8 19. Bf3 Qb8 20. Na4 e5 21. f5 Nd4 22. Bxd4 exd4 23. Rxd4 d5 24. exd5 b5 25. Nc5 1/2-1/2

[Event "BUL-chT2 64th"]
[Site "Sunny Beach"]
[Date "2015.06.03"]
[Round "4.2"]
[White "Kalchev, Stefan"]
[Black "Tonkov, Bojan"]
[Result "1/2-1/2"]
[WhiteElo "2112"]
[BlackElo "2270"]
[PlyCount "102"]
[EventDate "2015.05.31"]
[EventType "team-swiss"]
[EventRounds "7"]
[EventCountry "BUL"]
[SourceTitle "CBM 166 Extra"]
[Source "ChessBase"]
[SourceDate "2015.06.18"]
[SourceVersion "1"]
[SourceVersionDate "2015.06.18"]
[SourceQuality "1"]
[WhiteTeam "Veliko Tarnovo Etar"]
[BlackTeam "Stara Zagora Trayana"]
[WhiteTeamCountry "BUL"]
[BlackTeamCountry "BUL"]

1. e4 e5 2. Nf3 Nc6 3. Bb5 a6 4. Ba4 Nf6 5. 0-0 Nxe4 6. d4 b5 7. Bb3 d5 8. dxe5 Be6 9. c3 Be7 10. Nbd2 0-0 11. Bc2 f5 12. exf6 Nxf6 13. h3 Qd7 14. Qe2 Bf5 15. Bxf5 Qxf5 16. Re1 Bd6 17. Qe6+ Qxe6 18. Rxe6 Rad8 19. a4 Nd7 20. axb5 axb5 21. Nb3 b4 22. Ra6 Ndb8 23. Ra4 bxc3 24. bxc3 Nd7 25. Ba3 Bxa3 26. Rxa3 Rf6 27. Nfd4 Nxd4 28. Nxd4 c5 29. Rxf6 Nxf6 30. Ne6 Rc8 31. Ra7 Ne4 32. Rxg7+ Kh8 33. Rd7 Nxc3 34. f4 d4 35. f5 Ne4 36. g4 Nf6 37. Rd6 Ne4 38. Rd5 h6 39. Kg2 Kg8 40. Rd7 Kh8 41. Kf3 Ng5+ 42. Nxg5 hxg5 43. h4 gxh4 44. g5 c4 45. Rxd4 c3 46. Rxh4+ Kg7 47. Rh1 c2 48. Rc1 Rc4 49. Ke3 Kf7 50. Kd2 Rf4 51. g6+ Kg7 1/2-1/2

[Event "BUL-chT2"]
[Site "Sunny Beach"]
[Date "2014.09.22"]
[Round "4.2"]
[White "Tonkov, Bojan"]
[Black "Bochev, Krasimir"]
[Result "1/2-1/2"]
[WhiteElo "2294"]
[BlackElo "2065"]
[PlyCount "69"]
[EventDate "2014.09.19"]
[EventType "team-swiss"]
[EventRounds "7"]
[EventCountry "BUL"]
[SourceTitle "EXT 2015"]
[Source "ChessBase"]
[SourceDate "2014.11.20"]
[SourceVersion "1"]
[SourceVersionDate "2014.11.20"]
[SourceQuality "1"]
[WhiteTeam "Radnevo Maritsa Iztok"]
[BlackTeam "Vratsa"]
[WhiteTeamCountry "BUL"]
[BlackTeamCountry "BUL"]

1. d4 Nf6 2. c4 g6 3. Nc3 Bg7 4. g3 0-0 5. Bg2 c5 6. d5 d6 7. Nf3 e6 8. 0-0 exd5 9. cxd5 a6 10. a4 Re8 11. Nd2 Nbd7 12. h3 Rb8 13. Nc4 Nb6 14. Na3 Bd7 15. a5 Nc8 16. Nc4 Bb5 17. Qb3 Bxc4 18. Qxc4 Nd7 19. f4 b5 20. axb6 Ncxb6 21. Qd3 c4 22. Qf3 Nc5 23. Kh2 f5 24. Be3 Qc7 25. Bxc5 Qxc5 26. Rxa6 Re3 27. Qf2 Rbe8 28. Nd1 Rb3 29. Qxc5 dxc5 30. Bf3 Rd8 31. Ra5 Bd4 32. e3 Bxb2 33. Rxc5 Ba3 34. Rc6 Nxd5 35. Rxc4 1/2-1/2

[Event "Kesarovski Georgiev Memorial 13th"]
[Site "Sunny Beach"]
[Date "2014.09.09"]
[Round "4"]
[White "Michna, Marta"]
[Black "Tonkov, Bojan"]
[Result "1/2-1/2"]
[WhiteElo "2337"]
[BlackElo "2294"]
[PlyCount "97"]
[EventDate "2014.09.06"]
[EventType "swiss"]
[EventRounds "9"]
[EventCountry "BUL"]
[SourceTitle "CBM 162 Extra"]
[Source "ChessBase"]
[SourceDate "2014.10.17"]
[SourceVersion "1"]
[SourceVersionDate "2014.10.17"]
[SourceQuality "1"]

1. d4 Nf6 2. Bg5 Ne4 3. Bf4 d5 4. e3 c5 5. Nd2 Nxd2 6. Qxd2 cxd4 7. exd4 Nc6 8. c3 Bf5 9. Nf3 e6 10. Bd3 Bxd3 11. Qxd3 Bd6 12. Bxd6 Qxd6 13. 0-0 h6 14. Rae1 0-0 15. Ne5 Nxe5 16. Rxe5 Rae8 17. f4 f6 18. Rh5 f5 19. Rh3 Rf6 20. Re3 a6 21. Re5 Rc8 22. Rfe1 Rc7 23. Qe2 Re7 24. h3 b5 25. a3 Qd7 26. a4 Qc6 27. axb5 axb5 28. Kh2 Kf7 29. Ra1 Kg8 30. Re1 Kh7 31. Qd3 g6 32. Ra1 Kg7 33. Ra5 Rb7 34. Qe2 Rb6 35. Qf1 Rf7 36. Qa1 Qb7 37. Ra8 Re7 38. Rd8 Ra6 39. Qe1 Kf7 40. Qh4 h5 41. Qg5 Ra8 42. Rxa8 Qxa8 43. Re2 Qf8 44. Qg3 Qb8 45. Qg5 Qf8 46. Re3 Ra7 47. Rg3 Qg8 48. Re3 Ra2 49. b4 1/2-1/2

[Event "Kesarovski Georgiev Memorial 13th"]
[Site "Sunny Beach"]
[Date "2014.09.06"]
[Round "1"]
[White "Tonkov, Bojan"]
[Black "Swayams, Mishra"]
[Result "0-1"]
[WhiteElo "2294"]
[BlackElo "2484"]
[PlyCount "146"]
[EventDate "2014.09.06"]
[EventType "swiss"]
[EventRounds "9"]
[EventCountry "BUL"]
[SourceTitle "CBM 162 Extra"]
[Source "ChessBase"]
[SourceDate "2014.10.17"]
[SourceVersion "1"]
[SourceVersionDate "2014.10.17"]
[SourceQuality "1"]

1. d4 e6 2. c4 b6 3. Nf3 Bb7 4. Bg5 f6 5. Bf4 Bb4+ 6. Nc3 f5 7. Qb3 Bxc3+ 8. Qxc3 Nf6 9. Bg5 h6 10. Bxf6 Qxf6 11. e3 0-0 12. Bd3 d6 13. Qc2 Nd7 14. 0-0-0 a6 15. Rhe1 c5 16. Bf1 d5 17. Kb1 Rfc8 18. Qb3 b5 19. cxb5 c4 20. Qb4 axb5 21. Rc1 Ra4 22. Qd6 Qf7 23. b3 Ra6 24. Qb4 Rca8 25. Re2 Qe8 26. Rb2 Bc8 27. Be2 Qd8 28. Bd1 R8a7 29. Rc3 Rb6 30. Rc1 Qf6 31. g3 Qd8 32. h4 Rba6 33. a4 bxa4 34. bxc4 a3 35. Rb3 Ra4 36. Qb5 R7a5 37. Qc6 Ra6 38. Qb5 R4a5 39. Qb4 Rb6 40. Qc3 dxc4 41. Rxb6 Qxb6+ 42. Ka1 Ba6 43. Nd2 Nf6 44. Bf3 Ra4 45. Rb1 Qd6 46. Ka2 Kh8 47. e4 fxe4 48. Bxe4 Qc7 49. g4 Ra5 50. f4 Rb5 51. Rxb5 Bxb5 52. g5 Nxe4 53. Nxe4 Qxf4 54. Nc5 Qxh4 55. gxh6 Qxh6 56. Kxa3 Kg8 57. Kb4 Bc6 58. Qe1 Bd5 59. Nd7 Qf4 60. Qg1 Qd6+ 61. Nc5 Qb6+ 62. Kc3 Qa5+ 63. Kc2 Qa2+ 64. Kc3 Qa3+ 65. Kc2 Be4+ 66. Nxe4 Qd3+ 67. Kb2 Qxe4 68. Kc3 Qd3+ 69. Kb4 Qb3+ 70. Kc5 c3 71. Qg6 Qd5+ 72. Kb4 Qxd4+ 73. Kb3 Qe5 0-1

[Event "Varna op-A 8th"]
[Site "Varna"]
[Date "2014.06.24"]
[Round "6"]
[White "Deac, Bogdan Daniel"]
[Black "Tonkov, Bojan"]
[Result "1/2-1/2"]
[WhiteElo "2391"]
[BlackElo "2289"]
[PlyCount "98"]
[EventDate "2014.06.19"]
[EventType "swiss"]
[EventRounds "9"]
[EventCountry "BUL"]
[SourceTitle "CBM 161 Extra"]
[Source "ChessBase"]
[SourceDate "2014.08.29"]
[SourceVersion "1"]
[SourceVersionDate "2014.08.29"]
[SourceQuality "1"]

1. Nf3 Nf6 2. g3 g6 3. Bg2 Bg7 4. c4 0-0 5. d4 d6 6. Nc3 Nc6 7. 0-0 Bf5 8. d5 Na5 9. Nd2 c5 10. e4 Bd7 11. Qc2 a6 12. b3 b5 13. Bb2 Rb8 14. Rab1 Qc7 15. Ne2 Rb7 16. Nc1 Rfb8 17. Nd3 bxc4 18. bxc4 Ng4 19. Bxg7 Rxb1 20. Rxb1 Rxb1+ 21. Qxb1 Kxg7 22. Qb2+ f6 23. Qc3 Ne5 24. f4 Nf7 25. h3 Nb7 26. Nf3 Nbd8 27. e5 Nh6 28. g4 Ng8 29. e6 Be8 30. g5 Qc8 31. f5 Qc7 32. Nf4 Qb6 33. fxg6 Qb1+ 34. Kh2 Bxg6 35. Qa5 Nb7 36. Qxa6 fxg5 37. Nxg6 Kxg6 38. Qa8 Kg7 39. Nxg5 Nf6 40. Nf3 Qb2 41. a4 Qb4 42. Nh4 Qxc4 43. Qxb7 Qf4+ 44. Kg1 Qd4+ 45. Kh1 Qa1+ 46. Kh2 Qe5+ 47. Kg1 Qd4+ 48. Kf1 Qc4+ 49. Kg1 Qd4+ 1/2-1/2

[Event "Golden Sands Europe op 3rd"]
[Site "Golden Sands"]
[Date "2014.06.17"]
[Round "8"]
[White "Tonkov, Bojan"]
[Black "Citra, Dewi Ardhiani Anast"]
[Result "1-0"]
[WhiteElo "2289"]
[BlackElo "2163"]
[PlyCount "133"]
[EventDate "2014.06.10"]
[EventType "swiss"]
[EventRounds "9"]
[EventCountry "BUL"]
[SourceTitle "CBM 160 Extra"]
[Source "ChessBase"]
[SourceDate "2014.07.01"]
[SourceVersion "1"]
[SourceVersionDate "2014.07.01"]
[SourceQuality "1"]

1. d4 Nf6 2. c4 g6 3. g3 Bg7 4. Bg2 0-0 5. Nf3 d6 6. Nc3 Nc6 7. 0-0 a6 8. h3 Bd7 9. e4 e5 10. Be3 Re8 11. d5 Ne7 12. c5 dxc5 13. Bxc5 Nc8 14. a4 b6 15. Be3 Nd6 16. Qc2 Nc4 17. Bg5 h6 18. Bc1 c6 19. b3 Na5 20. Rd1 cxd5 21. Nxd5 Rc8 22. Qb1 Nxd5 23. Rxd5 Qc7 24. b4 Be6 25. bxa5 Bxd5 26. axb6 Qc2 27. Qxc2 Rxc2 28. Ne1 Re2 29. Be3 Bb7 30. Bf1 Rxe3 31. fxe3 Rc8 32. a5 Bf8 33. Nd3 f6 34. Rc1 Rxc1 35. Nxc1 Kf7 36. Nb3 Ke6 37. Kf2 Kd6 38. Bc4 Bxe4 39. Bxa6 Kc6 40. Be2 Bc2 41. Bf3+ Kb5 42. Be2+ Kc6 43. Bf3+ Kb5 44. Nd2 Bc5 45. Be4 Ba4 46. Bxg6 Kxa5 47. b7 Ba7 48. Nc4+ Ka6 49. Nd6 Bc6 50. Nf7 Kxb7 51. Nxh6 Kc7 52. Ng8 Bd7 53. g4 Kd6 54. Nxf6 Ke7 55. Nxd7 Kxd7 56. Kf3 Ke7 57. g5 Bc5 58. h4 Kf8 59. Bc2 Kg8 60. e4 Bb4 61. Kg4 Be1 62. h5 Bd2 63. h6 Kh8 64. Kh5 Bf4 65. g6 Be3 66. g7+ Kh7 67. Bb3 1-0

[Event "Blagoevgrad op"]
[Site "Blagoevgrad"]
[Date "2013.10.04"]
[Round "9"]
[White "Kesidis, Odyseas"]
[Black "Tonkov, Bojan"]
[Result "1-0"]
[WhiteElo "2119"]
[BlackElo "2323"]
[PlyCount "97"]
[EventDate "2013.09.28"]
[EventType "swiss"]
[EventRounds "9"]
[EventCountry "BUL"]
[SourceTitle "CBM 156 Extra"]
[Source "ChessBase"]
[SourceDate "2013.10.22"]
[SourceVersion "1"]
[SourceVersionDate "2013.10.22"]
[SourceQuality "1"]

1. e4 e5 2. Nf3 Nc6 3. Bb5 a6 4. Ba4 Nf6 5. 0-0 Nxe4 6. d4 b5 7. Bb3 d5 8. dxe5 Be6 9. Nbd2 Nc5 10. c3 Qd7 11. Bc2 Bg4 12. Re1 Ne6 13. Nf1 Bh5 14. Ng3 Bg6 15. Nf5 Bc5 16. Be3 Bxe3 17. Rxe3 0-0 18. N3d4 Rae8 19. Nxc6 Qxc6 20. Qg4 Qc4 21. Qxc4 bxc4 22. b4 Bxf5 23. Bxf5 c6 24. Bc2 Re7 25. Rd1 Rfe8 26. Ba4 Nd8 27. Rde1 Re6 28. Bc2 g6 29. a4 f6 30. exf6 Kf7 31. Rxe6 Nxe6 32. Kf1 Ra8 33. a5 Rb8 34. Ba4 c5 35. Bd7 Nc7 36. bxc5 Nb5 37. c6 Nc7 38. Ke2 Rb2+ 39. Ke3 Rb3 40. Kd2 Nb5 41. Be6+ Kxf6 42. Bxd5 Nc7 43. Bxc4 Rb2+ 44. Ke3 h5 45. Re2 Rb1 46. Kd4 Rd1+ 47. Kc5 Rd8 48. Kb6 Na8+ 49. Kb7 1-0

[Event "BUL-chT GpA 63rd"]
[Site "Sunny Beach"]
[Date "2013.09.24"]
[Round "6.1"]
[White "Spasov, Vasil"]
[Black "Tonkov, Bojan"]
[Result "1-0"]
[WhiteElo "2573"]
[BlackElo "2323"]
[PlyCount "79"]
[EventDate "2013.09.19"]
[EventType "team-tourn"]
[EventRounds "7"]
[EventCountry "BUL"]
[SourceTitle "CBM 156 Extra"]
[Source "ChessBase"]
[SourceDate "2013.10.22"]
[SourceVersion "1"]
[SourceVersionDate "2013.10.22"]
[SourceQuality "1"]
[WhiteTeam "Plovdiv Lokomotiv"]
[BlackTeam "Dobrich Energiya 21"]
[WhiteTeamCountry "BUL"]
[BlackTeamCountry "BUL"]

1. e4 e5 2. Nf3 Nc6 3. Bc4 Bc5 4. 0-0 Nf6 5. d3 a6 6. Nbd2 Ba7 7. Bb3 d6 8. c3 0-0 9. h3 h6 10. Re1 Be6 11. Nf1 Re8 12. Be3 Bxe3 13. Nxe3 d5 14. exd5 Nxd5 15. Nxd5 Bxd5 16. d4 e4 17. Nd2 f5 18. f3 e3 19. f4 Kh8 20. Nf1 Bxb3 21. axb3 Qh4 22. Qf3 Re4 23. Rxe3 Rxf4 24. Qg3 Rf8 25. Qxh4 Rxh4 26. Rae1 Kg8 27. Nd2 f4 28. Re4 Rh5 29. Kf2 Rhf5 30. b4 g5 31. Re6 Kg7 32. Kf3 Rd5 33. Nb3 Nd8 34. Re7+ Rf7 35. Nc5 Kf6 36. Re8 c6 37. Rh8 b6 38. Ne6 Nb7 39. Rxh6+ Kf5 40. c4 1-0

[Event "Dimitrovgrad op 1st"]
[Site "Dimitrovgrad"]
[Date "2009.09.06"]
[Round "6"]
[White "Tonkov, Bojan"]
[Black "Ilijev, Mitko"]
[Result "1-0"]
[WhiteElo "2320"]
[BlackElo "2241"]
[PlyCount "67"]
[EventDate "2009.09.05"]
[EventType "swiss"]
[EventRounds "7"]
[EventCountry "BUL"]
[SourceTitle "CBM 132 Extra"]
[Source "ChessBase"]
[SourceDate "2009.11.03"]
[SourceVersion "1"]
[SourceVersionDate "2009.11.03"]
[SourceQuality "1"]

1. e4 c5 2. Nf3 Nc6 3. d4 cxd4 4. Nxd4 e6 5. Nb5 d6 6. c4 Nf6 7. N5c3 Be7 8. Be2 b6 9. Be3 Bb7 10. Nd2 0-0 11. 0-0 Re8 12. Rc1 a6 13. a3 Rc8 14. Na4 Nd7 15. b4 Nce5 16. f4 Ng6 17. Qe1 Rb8 18. Qf2 Ba8 19. g3 Bc6 20. Nc3 Nf6 21. Bf3 h5 22. Qe2 d5 23. e5 Ng4 24. cxd5 exd5 25. Bd4 Nh6 26. Bxh5 Nf5 27. Nf3 a5 28. Qd3 Bd7 29. Nxd5 axb4 30. axb4 Nxd4 31. Nxd4 Bh3 32. Nxe7+ Rxe7 33. Rfd1 Kh8 34. Nc6 1-0

[Event "Saarland-ch"]
[Site "Merzig"]
[Date "1996.??.??"]
[Round "3"]
[White "Tonkov, Bojan"]
[Black "Bastian, Herbert"]
[Result "1/2-1/2"]
[WhiteElo "2320"]
[BlackElo "2355"]
[PlyCount "88"]
[EventDate "1996.??.??"]
[EventType "tourn"]
[EventRounds "9"]
[EventCountry "GER"]
[SourceTitle "EXT 2001"]
[Source "ChessBase"]
[SourceDate "2000.11.22"]
[SourceVersion "1"]
[SourceVersionDate "2000.11.22"]
[SourceQuality "1"]

1. e4 c5 2. Nf3 a6 3. d4 cxd4 4. Nxd4 Qc7 5. Be2 Nf6 6. Nc3 e6 7. 0-0 Nc6 8. Kh1 Nxd4 9. Qxd4 Bc5 10. Qd3 b5 11. Bg5 Bb7 12. f4 b4 13. e5 bxc3 14. exf6 cxb2 15. fxg7 bxa1Q 16. Rxa1 Rg8 17. Qxh7 Rxg7 18. Qxg7 Bf8 19. Qh7 Qc6 20. Rg1 Qe4 21. Qh5 Qxc2 22. Bf3 Rb8 23. Bxb7 Rxb7 24. Qf3 d5 25. h3 Bc5 26. Rf1 Rb1 27. Kh2 Qxa2 28. Qc3 Rb2 29. Qh8+ Bf8 30. Rg1 Qa3 31. Qe5 Rb7 32. Re1 Qd6 33. Qh8 a5 34. Rc1 Rb8 35. Qd4 Qb4 36. Qe5 Bd6 37. Qf6 Be7 38. Qg7 Bxg5 39. Qxg5 Qd6 40. Qg8+ Ke7 41. Qg5+ Ke8 42. h4 Qe7 43. Qg8+ Qf8 44. Qg5 Qe7 1/2-1/2

[Event "Elenite op"]
[Site "Elenite"]
[Date "1993.??.??"]
[Round "9"]
[White "Chatalbashev, Boris"]
[Black "Tonkov, Bojan"]
[Result "1-0"]
[WhiteElo "2355"]
[BlackElo "2335"]
[PlyCount "111"]
[EventDate "1993.??.??"]
[EventType "swiss"]
[EventRounds "9"]
[EventCountry "BUL"]
[SourceTitle "EXT 1998"]
[Source "ChessBase"]
[SourceDate "1997.11.17"]
[SourceVersion "1"]
[SourceVersionDate "1997.11.17"]
[SourceQuality "1"]

1. d4 Nf6 2. Nf3 b6 3. c4 e6 4. Nc3 Bb7 5. Bg5 h6 6. Bh4 Be7 7. e3 0-0 8. Be2 Ne4 9. Bxe7 Qxe7 10. Nxe4 Bxe4 11. 0-0 d6 12. Nd2 Bb7 13. Bf3 c5 14. Bxb7 Qxb7 15. Nf3 Nd7 16. dxc5 dxc5 17. Qd6 Rad8 18. Rfd1 Qb8 19. Rd2 Ne5 20. Qxb8 Nxf3+ 21. gxf3 Rxb8 22. Rad1 Rb7 23. b3 Kh7 24. f4 Kg6 25. Kg2 Re8 26. Rd7 Re7 27. Rd8 Kf5 28. Kf3 a6 29. R8d6 Kf6 30. e4 Re8 31. Rd7 Re7 32. Rd8 Rec7 33. Rg8 g6 34. Rh8 Rd7 35. Rxd7 Rxd7 36. Ke2 Kg7 37. Rb8 Rd6 38. h4 h5 39. Ke3 a5 40. e5 Rc6 41. Kd3 Kh7 42. Kc3 Kg7 43. a3 g5 44. fxg5 Kg6 45. Rh8 Rc7 46. Rh6+ Kf5 47. Rxh5 Kxe5 48. Rh7 Kf5 49. Rg7 Rd7 50. g6 Kf6 51. Rxf7+ Rxf7 52. gxf7 Kxf7 53. Kd3 Kg6 54. Ke4 Kh5 55. Ke5 b5 56. cxb5 1-0

[Event "Elenite op"]
[Site "Elenite"]
[Date "1993.??.??"]
[Round "4"]
[White "Meister, Jakob"]
[Black "Tonkov, Bojan"]
[Result "1-0"]
[WhiteElo "2460"]
[BlackElo "2335"]
[PlyCount "99"]
[EventDate "1993.??.??"]
[EventType "swiss"]
[EventRounds "9"]
[EventCountry "BUL"]
[SourceTitle "EXT 1998"]
[Source "ChessBase"]
[SourceDate "1997.11.17"]
[SourceVersion "1"]
[SourceVersionDate "1997.11.17"]
[SourceQuality "1"]

1. c4 Nf6 2. Nc3 e5 3. Nf3 Nc6 4. a3 d5 5. cxd5 Nxd5 6. Qc2 Nb6 7. e3 Bd6 8. Bd3 h6 9. b4 a6 10. Bb2 Bxb4 11. Be4 Bd6 12. Bxc6+ bxc6 13. Ne4 0-0 14. Nxe5 Bxe5 15. Bxe5 Qd5 16. Bxc7 Bf5 17. d3 Nd7 18. 0-0 Rfc8 19. Bg3 c5 20. Rfd1 c4 21. Nd6 Bxd3 22. Nxc8 Rxc8 23. Qc3 Nc5 24. Rac1 Nb3 25. Rc2 Qc5 26. Rb2 Qxa3 27. h4 Rd8 28. Be5 f6 29. Bd4 Rb8 30. g4 Qb4 31. Qxb4 Rxb4 32. Bc3 Rb5 33. f3 a5 34. Kf2 Kf7 35. e4 Rb7 36. Ra1 Rb5 37. Ra3 h5 38. gxh5 Rxh5 39. Ke3 Bf1 40. Rh2 Rb5 41. h5 Bd3 42. h6 gxh6 43. Rxh6 f5 44. Ra2 Nc5 45. Rf6+ Ke8 46. Rxf5 Rb3 47. Rxc5 Rxc3 48. Kd4 Rc1 49. Raxa5 Rf1 50. Ra7 1-0

[Event "Balkaniad U20"]
[Site "Kavala"]
[Date "1990.??.??"]
[Round "4"]
[White "Tonkov, Bojan"]
[Black "Mitkov, Nikola"]
[Result "0-1"]
[WhiteElo "2290"]
[BlackElo "2330"]
[PlyCount "124"]
[EventDate "1990.10.??"]
[EventType "swiss"]
[EventRounds "6"]
[EventCountry "GRE"]
[SourceTitle "EXT 1997"]
[Source "ChessBase"]
[SourceDate "1996.11.15"]
[SourceVersion "1"]
[SourceVersionDate "1996.11.15"]
[SourceQuality "1"]

1. e4 e5 2. Nf3 Nc6 3. Bb5 a6 4. Ba4 Nf6 5. 0-0 b5 6. Bb3 Be7 7. d4 d6 8. h3 Nxd4 9. Nxd4 exd4 10. c3 Bb7 11. Qxd4 c5 12. Qe3 Bxe4 13. Nd2 Bc6 14. Re1 Ra7 15. a4 Rd7 16. axb5 axb5 17. Nf1 0-0 18. Ng3 Re8 19. Bd2 g6 20. Qh6 Bf8 21. Qh4 Ne4 22. Rxe4 Rxe4 23. Qxd8 Rxd8 24. Nxe4 Bxe4 25. f3 Ra8 26. Rxa8 Bxa8 27. Kf2 d5 28. Be3 f6 29. Bc2 Bc6 30. Bd3 Kf7 31. Bb1 Ke6 32. f4 f5 33. g3 Bd7 34. Ke2 Bc8 35. Ba2 Be7 36. h4 Bb7 37. Bb1 Kd7 38. Bd3 Kc6 39. Bb1 Bc8 40. Ba2 Be6 41. Bf2 Kb7 42. Bb1 Ka6 43. Bd3 Ka5 44. Bc2 b4 45. Bg1 Kb5 46. Bd3+ Ka4 47. Bc2+ Kb5 48. Bd3+ Ka5 49. Kd2 Bd7 50. Bc2 Ba4 51. Bb1 h5 52. Ba2 b3 53. Bb1 Bb5 54. Bf2 Bc4 55. Be3 Kb5 56. Bf2 Bf6 57. Kc1 Bf1 58. Bg1 Kc4 59. Kd2 d4 60. cxd4 cxd4 61. g4 d3 62. gxf5 gxf5 0-1

[Event "Skopje"]
[Site "Skopje"]
[Date "1990.??.??"]
[Round "?"]
[White "Tonkov, Bojan"]
[Black "Zagrebelny, Sergey"]
[Result "1/2-1/2"]
[WhiteElo "2365"]
[BlackElo "2455"]
[PlyCount "41"]
[EventDate "1990.??.??"]
[EventType "game"]
[EventRounds "1"]
[EventCountry "MKD"]
[SourceTitle "EXT 2010"]
[Source "ChessBase"]
[SourceDate "2010.11.25"]
[SourceVersion "1"]
[SourceVersionDate "2010.11.25"]
[SourceQuality "1"]

1. e4 c5 2. Nf3 d6 3. d4 cxd4 4. Nxd4 Nf6 5. Nc3 a6 6. f4 e5 7. Nf3 Nbd7 8. Bd3 b5 9. 0-0 Bb7 10. a3 Be7 11. Kh1 0-0 12. Nh4 g6 13. f5 Nc5 14. Bh6 Re8 15. Qf3 Kh8 16. Bg5 Nfxe4 17. Bxe4 Nxe4 18. Nxe4 Bxg5 19. Nxg5 Qxg5 20. Qxb7 Qxh4 21. Qxf7 1/2-1/2